| 000 | 00746nam a2200301Ia 4500 | ||
|---|---|---|---|
| 008 | 160321s9999||||xx |||||||||||||| ||und|| | ||
| 040 | _cEnglish | ||
| 082 | _aXI.A/Suryavanshi | ||
| 082 | _bBORI-49467 | ||
| 100 | _aBhagwansingh Suryavanshi | ||
| 245 | 4 | _aThe Abhiras | |
| 250 | _bFirst | ||
| 260 | _aBaroda | ||
| 260 | _bMaharaja sayaji University of Baroda | ||
| 260 | _c1962 | ||
| 300 | _a119 | ||
| 300 | _cF | ||
| 300 | _eHardbound | ||
| 530 | _u00012351.pdf | ||
| 563 | _aStudy | ||
| 600 | _aBhagwansingh Suryavanshi | ||
| 630 | _aThe Abhiras | ||
| 650 | _aGeneral Indology | ||
| 650 | _aPolitics History and Historiography | ||
| 700 | _aBhagwansingh Suryavanshi | ||
| 730 | _aThe Abhiras | ||
| 942 | _cBOOK | ||
| 999 |
_c1363493 _d1363490 |
||